Tiếng Anh du lịch

में बचाया:
ग्रंथसूची विवरण
मुख्य लेखक: Eastwood, John
स्वरूप: पुस्तक
भाषा:English
प्रकाशित: H. Ngoại văn 1990
श्रृंखला:Oxford University Press
विषय:
टैग : टैग जोड़ें
कोई टैग नहीं, इस रिकॉर्ड को टैग करने वाले पहले व्यक्ति बनें!
Thư viện lưu trữ: Trung tâm Học liệu Lê Vũ Hùng, Trường Đại học Đồng Tháp
LEADER 00700pam a22002298a 4500
001 00023955
005 20210310100350.0
008 110706s1990 ||||||engsd
041 0 # |a eng, vie 
082 1 4 |a 338.4  |b T306A 
100 1 # |a Eastwood, John 
245 1 0 |a Tiếng Anh du lịch  |c John Eastwood 
246 0 1 |a English for travel 
260 # # |a H.  |b Ngoại văn  |c 1990 
300 # # |a 199tr.  |c 21 cm. 
490 # # |a Oxford University Press 
650 # 4 |a Du lịch 
650 # 4 |a Tiếng anh 
852 # # |b Kho đọc  |j KD.0008624, KD.0008734 
852 # # |j KD.0008734  |j KD.0008624 
910 0 # |a Ntuyet  |d 06/07/2011 
980 # # |a Trung tâm Học liệu Lê Vũ Hùng, Trường Đại học Đồng Tháp